Capitales d'Amérique du Nord - Retrouver les pays - Statistiques

Statistiques générales
  • Ce quiz a été pris 48 fois
    31 depuis la dernière actualisation
  • Le résultat moyen est 15 sur 23
Statistiques - réponses
Capitale Pays % Correct
Washington, D.C. États-Unis
100%
Ottawa Canada
95%
Mexico Mexique
95%
La Havane Cuba
89%
Guatemala Guatemala
89%
Panama Panama
84%
San Salvador El Salvador
79%
Port-au-Prince Haïti
74%
Nassau Bahamas
68%
Kingston Jamaïque
68%
San José Costa Rica
63%
Managua Nicaragua
63%
Saint-Domingue République dominicaine
63%
Belmopan Belize
58%
Tegucigalpa Honduras
58%
Bridgetown Barbade
53%
Roseau Dominique
53%
Castries Sainte-Lucie
53%
Kingstown Saint-Vincent-et-les-Grenadines
47%
Port of Spain Trinité-et-Tobago
47%
Saint John's Antigua-et-Barbuda
42%
Saint-Georges Grenade
42%
Basseterre Saint-Kitts-et-Nevis (Saint-Christophe-et-Niévès)
26%
Aucun quiz correspondant
Distribution des résultats
% des personnes avec chaque résultat
Percentile par nombre de réponses
Votre historique - résultats
Vous n’avez pas pris ce quiz depuis la dernière actualisation